Normal view
MARC view
- Twigg, Marnie.
Entry Personal Name
001 - CONTROL NUMBER
- control field: 59962
003 - CONTROL NUMBER IDENTIFIER
- control field: OSt
005 - DATE AND TIME OF LATEST TRANSACTION
- control field: 20240903120035.0
008 - FIXED-LENGTH DATA ELEMENTS
- fixed length control field: 240903|| aca||aabn | a|a d
040 ## - CATALOGING SOURCE
- Original cataloging agency: OSt
- Transcribing agency: OSt
100 ## - HEADING--PERSONAL NAME
- Personal name: Twigg, Marnie.
- Relator term: author.
670 ## - SOURCE DATA FOUND
- Source citation: Work cat.: (OSt): Twigg, Marnie. author., Lat verse same as the first? On racial justice and "covering" allyship in compositionist identities /, September 2019.
